01708nam a2200181Ia 45000010005000000080041000050200018000462450027000642600031000913000020001225201249001425460012013916500013014036500023014166500046014396510025014856550016015106539260430s9999 xx 000 0 und d a9781069204004 0aLanding/ cMaen Hammad aMontreal; bHuwawa; c2025 a200p; c28x23cm aLanding by Maen Hammad explores the lives of Palestinian skateboarders in the occupied West Bank as they navigate the layered realities of Israeli settler-colonial domination. The book offers a thesis on skateboarding as a form of resistance to a headspace of violence. Documented between 2015 and 2022, it captures the fleeting moments of escape and the indomitable spirit of skateboarding. Through an interpretive dance of imagery and text the book presents a powerful counter-narrative—a taste of the Palestinian refusal to succumb. Produced in close collaboration with book designer Roï Saade, Landing harmonizes 22 critical essays, poems, and interviews alongside over 100 images. Weaving Maen’s personal narrative with the voices of Palestinian skaters, Landing provides an intimate lens into the everyday pursuit of freedom. It focuses on the alternative headspace crafted by these young skaters. This multi-layered book creates a necessary dialogue between text and imagery, providing variant micro-stories within the connected whole. Against the backdrop of ongoing genocide and nearly a century of erasure, Landing presents a vital portal into the tenacity, creativity, and decolonial struggle of this generation in Palestine. aEnglish aDiaspora aIsraeli Occupation aTR624-835 Technology- Applied Photography aPalestinezWest Bank aDocumentary